La competencia y la dominación entre las potencias capitalistas mundiales /
Guardado en:
| 主要作者: | |
|---|---|
| 其他作者: | |
| 格式: | Texto |
| 主題: | |
| 標簽: |
添加標簽
沒有標簽, 成為第一個標記此記錄!
|
MARC
| LEADER | 00000 a a2200000 04500 | ||
|---|---|---|---|
| 001 | 44169 | ||
| 003 | |||
| 040 | |||
| 100 | |a Petras, James | ||
| 245 | |a La competencia y la dominación entre las potencias capitalistas mundiales / |c James Petras | ||
| 650 | |a CAPITALISMO | ||
| 650 | |a COMPETENCIA | ||
| 650 | |a ESTADOS UNIDOS | ||
| 650 | |a JAPON | ||
| 650 | |a PAISES DESARROLLADOS | ||
| 700 | |a Rhodes, Robert | ||
| 773 | |g volumen38, número38 (1976), Páginas 389-410 | ||
| 999 | |c 24384 |d 24384 | ||
